| 000 | 00660nam a22002417a 4500 | ||
|---|---|---|---|
| 005 | 20170124110040.0 | ||
| 010 | _aA-778999 | ||
| 020 |
_c115.00 _a8170102499 |
||
| 035 | _aA-778999 | ||
| 037 | _bCen Lib/Ret | ||
| 040 |
_aDPL _bEN |
||
| 082 |
_a881 _bDOV |
||
| 100 |
_aDove, Rita _923637 |
||
| 245 |
_aSelected poems / _cby Rita Dove |
||
| 246 | _b | ||
| 260 |
_bHemkunt Press _c1993 _aNew Delhi |
||
| 270 |
_bNew Delhi _aA-78, Naraina I.A. Ph-I _e110028 |
||
| 300 |
_axxvi,209p. _c21cm(Hb) |
||
| 500 | _aIncludes index. | ||
| 650 |
_aAmerican poetry _919314 |
||
| 650 |
_aAfrican Americans _923638 |
||
| 942 |
_2ddc _cEN _h881 _mDOV |
||
| 999 |
_c128510 _d128510 |
||